Drama in English From the Middle Ages to the Early Twentieth Century

গ্রন্থ-পঞ্জীর বিবরন
প্রধান লেখক: Wheatley
বিন্যাস: বৈদ্যুতিক বৈদ্যুতিন গ্রন্থ
ভাষা:English
প্রকাশিত: The Catholic University of America Press
বিষয়গুলি:
অনলাইন ব্যবহার করুন:Full text available on Project MUSE [5/29/16]
Off-campus access
LEADER 01101pam a2200253 a 4500
001 AALebookProjectMUSE005482
003 BD-DhAAL
006 m||||||||d||||||||
007 cr||||||||||||
008 221121s9999 xxuabf fo j 001 0 eng d
020 |a 813227879 
020 |a 9780813227887 
040 |a BD-DhAAL  |c BD-DhAAL 
100 1 |a Wheatley 
245 0 0 |h [electronic resource]  |a Drama in English From the Middle Ages to the Early Twentieth Century 
260 |b The Catholic University of America Press 
300 |a 1 online resource 
500 |a <strong>Off-Campus Access:</strong> Athens ID and Password Required 
500 |a <strong>On-Campus Access:</strong> No User ID or Password Required 
506 |a Electronic access restricted to authorized BRAC University faculty, staff and students 
538 |a Mode of access: Internet 
655 7 |a Electronic books  |2 Library of Congress 
856 4 0 |z Full text available on Project MUSE [5/29/16]  |u https://muse.jhu.edu/book/45881 
856 4 0 |z Off-campus access  |u https://go.openathens.net/redirector/bracu.ac.bd?url=https%3A%2F%2Fmuse.jhu.edu%2Fbook%2F45881